• Davis S.A.

di Personal Name

Records bibliografici associati: 1

001 - CONTROL NUMBER

  • control field: 18769

003 - CONTROL NUMBER IDENTIFIER

  • control field: IT-RoPau

005 - DATE AND TIME OF LATEST TRANSACTION

  • control field: 20140405204402.0

008 - FIXED-LENGTH DATA ELEMENTS

  • fixed length control field: 140405|| aca||aabn | a|a d

040 ## - CATALOGING SOURCE

  • Original cataloging agency: IT-RoPau
  • Transcribing agency: IT-RoPau

100 ## - HEADING--PERSONAL NAME

  • Personal name: Davis S.A.
  • Miscellaneous information: Codice autore testo/musica SPICS: 28396
  • Relator term: Autore testo/musica
  • Name of part/section of a work: Love Is On A Fade

670 ## - SOURCE DATA FOUND

  • Source citation: Work cat.: (IT-RoPau)99563: AA.VV. 794, Cocker
CREDITS: SOCIETA' SAN PAOLO Via A.Severo, 58 - ROMA (RM) & PERIODICI SAN PAOLO SRL Via Giotto, 36 MILANO & CISF Via Giotto, 36 MILANO & EDIZIONI SAN PAOLO SRL,  Piazza Soncino, 5 CINISELLO BALSAMO (MI) -- ITALY